000 01895cam a2200133 4500500
005 20260405000045.0
041 _afre
042 _adc
100 1 0 _aRussell, Bertrand
_eauthor
245 0 0 _aEssais impopulaires
260 _bLes Belles lettres,
_c2024.
520 _a« La plupart des essais qui suivent ont pour but de combattre, d’une façon ou d’une autre, la poussée du dogmatisme de droite comme de gauche, qui jusqu’à présent a caractérisé notre siècle tragique. Ce motif sérieux inspire ces essais même si parfois ils paraissent désinvoltes ; car ceux qui sont solennels et pontifiants ne peuvent être efficacement combattus avec des propos encore plus solennels et plus pontifiants. » Bertrand Russell Pourquoi Russell qualifie-t-il ses essais d’impopulaires ? Parce qu’il y envisage, avec autant de rigueur que d’humour, les impasses dogmatiques où nous mènent certains écrits philosophiques, certaines croyances et certains credo politiques, pourtant partagés par bien des hommes. Et qu’il n’a, dans ces pages acérées, aucune intention d’être populaire mais bien de former les esprits clairs et anti-totalitaires dont notre monde a besoin. Bertrand Russell (1872-1970) est le plus éminent philosophe britannique du xxe siècle. Il apporta des contributions décisives dans les domaines de la logique et de l’épistémologie. Ses principes éthiques, qu’il incarna à travers ses engagements politiques et ses prises de position tranchées, lui valurent deux fois la prison mais aussi le prix Nobel de littérature en 1950. Ont paru aux Belles Lettres Le Mariage et la morale suivi de Pourquoi je ne suis pas chrétien – Autobiographie (1872-1967) – Histoire de la philosophie occidentale et Essais sceptiques.
856 4 1 _uhttps://shs.cairn.info/essais-impopulaires--9782251456324?lang=fr&redirect-ssocas=7080
999 _c2033412
_d2033412